000 00729cam a2200157 4500500
005 20260201135029.0
041 _afre
042 _adc
100 1 0 _aHeriard Dubreuil, Bertrand
_eauthor
245 0 0 _aObservatoire des inégalités, L’état des inégalités en France, données et analyses, A. Colin, 2009, 302 p., 19,90 €
260 _c2009.
500 _a86
520 _aResumé Autour du livre de Pierre Dardot et Christian Laval, La nouelle raison du monde. Essai sur la société néolibérale, La Découverte, 2009, 496 p., 26 €
786 0 _nRevue Projet | 310 | 3 | 2009-03-01 | p. 088k-094k | 0033-0884
856 4 1 _uhttps://shs.cairn.info/revue-projet-2009-3-page-088k?lang=fr&redirect-ssocas=7080
999 _c1642625
_d1642625